[Event "Ch Yugoslavia (1/2 final) (open)"]
[Site "masterchessopen.com Nis (Yugoslavia)"]
[Round "3"]
[White "Djukic Zeljko (SRB)"]
[Black "Zivic Dragan (SRB)"]
[Result "1-0"]
[WhiteElo "2365"]
[BlackElo "2260"]

1.d4 Nf6 2.c4 e6 3.Nc3 Bb4 4.Qc2 d5 5.cxd5 exd5 6.Bg5 h6 7.Bxf6 Qxf6 8.a3
Bxc3+ 9.Qxc3 c6 10.e3 Bf5 11.Nf3 O-O 12.Be2 Nd7 13.b4 Rfe8 14.O-O Re6 15.Rfc1
a6 16.a4 Qe7 17.b5 axb5 18.axb5 Re8 19.Ra7 Nf6 20.bxc6 Rxc6 21.Qxc6 bxc6
22.Rxe7 Rxe7 23.Ne5 Rb7 24.f3 Rb2 25.Kf1 Rb3 26.Kf2 Rb2 27.Rxc6 Nd7 28.Nxd7
Bd3 29.Rc8+ Kh7 30.Nf8+ Kg8 31.Ne6+ Kh7 32.Nf4 Ba6 33.Rc6 {#r} 1-0

[Event "Slovak League (1st) 1994/95"]
[Site "masterchessopen.com Slovakia"]
[Round "7"]
[White "Ac Michal (SVK)"]
[Black "Lembak Jurij (UKR)"]
[Result "0-1"]
[WhiteElo "2174"]
[BlackElo "2245"]

1.d4 Nf6 2.c4 e6 3.Nc3 Bb4 4.Qc2 d5 5.cxd5 exd5 6.Bg5 O-O 7.Nf3 Nbd7 8.a3 Be7
9.e3 Re8 10.Bd3 c6 11.O-O a5 12.Rab1 h6 13.Bf4 Nf8 14.b4 axb4 15.axb4 Ne6
16.Be5 b5 17.e4 dxe4 18.Nxe4 Nxe4 19.Bxe4 Bb7 20.Bxc6 Rc8 21.d5 Qb6 22.dxe6 f6
23.Qg6 Qxc6 24.Qf7+ Kh7 25.Ba1 Bd8 26.Rfe1 Rc7 27.Qh5 Rce7 28.Qf5+ Kg8 29.Rbd1
Bb6 30.Rd7 Qxd7 {#R} 0-1

[Event "Memorial Baharov (open)"]
[Site "masterchessopen.com Sofia (Bulgaria)"]
[Round "4"]
[White "Chakov Plamen (BUL)"]
[Black "Dobrev Nanko (BUL)"]
[Result "1-0"]
[WhiteElo "2340"]
[BlackElo "2325"]

1.d4 Nf6 2.c4 e6 3.Nc3 Bb4 4.Qc2 d5 5.cxd5 exd5 6.Bg5 h6 7.Bh4 c5 8.dxc5 Nc6
9.e3 g5 10.Bg3 Ne4 11.Nf3 Bf5 12.Bd3 Qa5 13.O-O Qxc5 14.Nd4 Nxg3 15.hxg3 Bxd3
16.Qxd3 Bxc3 17.bxc3 O-O-O 18.Rab1 Nxd4 19.cxd4 Qe7 20.Rfc1+ Kb8 21.Rc5 Rd7
22.Qb5 Rhd8 23.a4 Rd6 24.a5 Ka8 25.Rbc1 Qe6 26.Rc7 Rb8 27.Qc5 Rd7 28.Qb5 Rxc7
29.Rxc7 a6 30.Qc5 Qg4 31.Qc2 f5 32.Rf7 f4 33.gxf4 Rc8 34.Qb1 Rb8 35.f5 h5
36.Rh7 h4 37.f6 Qe6 38.f7 Qf6 39.Qb6 Qf5 40.Qh6 Qb1+ 41.Kh2 Qf5 42.Qg7 Qxf7
43.Qxg5 Rf8 44.Qf4 Qxf4+ 45.exf4 b5 46.axb6 a5 47.Kh3 a4 48.Kxh4 a3 49.Kg4 Kb8
50.Rh3 {#r} 1-0

[Event "Ch Australia"]
[Site "masterchessopen.com Sydney (Australia)"]
[Round "2"]
[White "Belin Igor (AUS)"]
[Black "Tao Trevor (AUS)"]
[Result "0-1"]
[WhiteElo "2310"]
[BlackElo "2430"]

1.d4 Nf6 2.c4 e6 3.Nc3 Bb4 4.Qc2 d5 5.cxd5 exd5 6.Bg5 O-O 7.e3 Nbd7 8.Bd3 Be7
9.Nge2 Re8 10.O-O Nf8 11.f3 c5 12.Kh1 c4 13.Bf5 Bxf5 14.Qxf5 g6 15.Qc2 Ne6
16.Bh4 Qd7 17.a4 Nc7 18.Bf2 Na6 19.e4 Nb4 20.Qd2 Nd3 21.Bg1 Bb4 22.e5 Nh5
23.g4 Ng7 24.Nf4 Nxf4 25.Qxf4 Bxc3 26.bxc3 Re6 27.Bf2 Rc8 28.Qh6 Ra6 29.Bh4
Ne8 30.Bg5 Rc7 31.Qh4 Rcc6 32.Rae1 Rcb6 33.f4 Qxa4 34.Rf3 Qc2 35.Bf6 h5
36.gxh5 Ra2 37.Qg3 Rb1 38.Re3 Raa1 39.Kg1 Rxe1+ 40.Rxe1 Rxe1+ 41.Qxe1 gxh5
42.Qg3+ Qg6 43.Bg5 Ng7 44.Qf3 Qb1+ 45.Kf2 Qc2+ 46.Ke1 Nf5 47.Qxd5 Qxc3+ 48.Kf2
Qd2+ 49.Kf3 Nxd4+ 50.Ke4 Qd3# 0-1

[Event "Ch Europe (juniors) (under 12) (g)"]
[Site "masterchessopen.com Verdun (France)"]
[Round "8"]
[White "Cmilyte Viktorija (LTU)"]
[Black "Gara Anita (HUN)"]
[Result "1-0"]
[WhiteElo "2070"]
[BlackElo "2050"]

1.d4 Nf6 2.c4 e6 3.Nc3 Bb4 4.Qc2 d5 5.cxd5 exd5 6.Nf3 Ne4 7.e3 c5 8.Bd3 Bf5
9.O-O Bxc3 10.bxc3 O-O 11.c4 Nc6 12.Ba3 Nb4 13.Bxb4 cxb4 14.cxd5 Rc8 15.Qb2
Qxd5 16.Qxb4 a5 17.Qb2 Ng5 18.Ne5 Bxd3 19.Nxd3 Rc6 20.Nf4 Qe4 21.Rac1 Rh6
22.Rc5 Qe7 23.Qe2 Qf6 24.Rxa5 Ne4 25.Rc1 Qh4 26.h3 Re8 27.Re5 Qd8 28.Rxe8+
Qxe8 29.Qb5 Rc6 30.Rxc6 bxc6 31.Qe5 Qxe5 32.dxe5 Kf8 33.Kf1 Ke7 34.f3 Nc3
35.a3 g5 36.Nd3 Nd1 37.Ke2 Nc3+ 38.Ke1 Ke6 39.e4 c5 40.Nxc5+ Kxe5 41.a4 Kd4
42.Kd2 Kc4 43.Nd7 Kd4 44.a5 Nb5 45.a6 Na7 46.Nf6 Ke5 47.Nxh7 Kf4 48.Ke2 Nc6
49.Kf2 Ke5 50.Nxg5 {#r} 1-0

[Event "Ch Azerbaijan"]
[Site "masterchessopen.com Baku (Azerbaijan)"]
[Round "0"]
[White "Guseinov Aidyn (AZE)"]
[Black "Godjaev Galib (AZE)"]
[Result "1-0"]
[WhiteElo "2430"]
[BlackElo "2327"]

1.d4 Nf6 2.c4 e6 3.Nc3 Bb4 4.Qc2 d5 5.cxd5 exd5 6.Bg5 h6 7.Bh4 g5 8.Bg3 Ne4
9.e3 Nxg3 10.hxg3 c6 11.Bd3 Nd7 12.Nf3 Kf8 13.O-O-O Kg7 14.Ne2 Qe7 15.Kb1 Nf6
16.Nh2 Bd7 17.Nc1 Ne4 18.Nf1 Bd6 19.g4 Nf6 20.f3 h5 21.gxh5 Rxh5 22.Rxh5 Nxh5
23.Ne2 Rh8 24.Bf5 Be6 25.g4 Nf6 26.Neg3 Kf8 27.Qf2 Rh4 28.Re1 Qc7 29.Qg2 Ne8
30.e4 Ng7 31.e5 Bb4 32.Rd1 Bxf5+ 33.Nxf5 Nxf5 34.gxf5 f6 35.Ne3 Qh7 36.exf6
Rh5 37.Qg3 Qd7 38.Qe5 Kf7 39.Ng4 Rh7 40.f4 Rh4 41.Rg1 Bd2 42.fxg5 Bxg5 43.a3
Rh3 44.Ka2 Rf3 45.Qe2 {#r} 1-0

[Event "Cup Doeberl"]
[Site "masterchessopen.com Canberra (Australia)"]
[Round "6"]
[White "Rogers Ian (AUS)"]
[Black "Gedevanishvili Dmitry (AUS)"]
[Result "0-1"]
[WhiteElo "2575"]
[BlackElo "2380"]

1.d4 Nf6 2.c4 e6 3.Nc3 Bb4 4.Qc2 d5 5.cxd5 exd5 6.Bg5 O-O 7.e3 h6 8.Bh4 c6
9.Bd3 Nbd7 10.Ne2 Re8 11.O-O-O Qa5 12.Kb1 Bf8 13.h3 b6 14.g4 Ba6 15.Bxa6 Qxa6
16.g5 hxg5 17.Bxg5 Rac8 18.Rhg1 b5 19.Ng3 c5 20.Nf5 g6 21.dxc5 Rxc5 22.Qb3 Ne5
23.Nd4 Nc4 24.Bxf6 Qxf6 25.Qc2 Rec8 26.Qe2 Bg7 27.Rc1 b4 28.Nxd5 Qd6 29.Nxb4
Qb6 30.Nd3 R5c7 31.Nb3 a5 32.Nf4 Qb7 33.Rxc4 Rxc4 34.Nxa5 Re4 35.Qd3 Rb4
36.Nb3 {#R} 0-1

[Event "It (open)"]
[Site "masterchessopen.com Cappelle la Grande (France)"]
[Round "3"]
[White "Ruzele Darius (LTU)"]
[Black "Lerner Konstantin Z (UKR)"]
[Result "1-0"]
[WhiteElo "2520"]
[BlackElo "2580"]

1.d4 Nf6 2.c4 e6 3.Nc3 Bb4 4.Qc2 d5 5.cxd5 exd5 6.Bg5 h6 7.Bh4 c5 8.dxc5 Nc6
9.e3 g5 10.Bg3 Ne4 11.a3 Qa5 12.Ne2 Bg4 13.Qc1 Nxc5 14.axb4 Nd3+ 15.Kd2 Qxb4
16.Ra4 Qb3 17.Qb1 Rc8 18.Qa2 Qxb2+ 19.Qxb2 Nxb2 20.Ra1 O-O 21.Nd4 Nxd4 22.exd4
a6 23.Ra2 Nc4+ 24.Bxc4 Rxc4 25.Ra4 b5 26.Rxc4 dxc4 27.Nd5 Be6 28.Nf6+ Kg7
29.Be5 Kg6 30.Kc3 a5 31.d5 Bf5 32.Kd4 Rc8 33.g4 c3 34.gxf5+ Kxf5 35.d6 {#r}
1-0

[Event "It (w)"]
[Site "masterchessopen.com Dresden (Germany)"]
[Round "7"]
[White "Buettner Ulrich (GER)"]
[Black "Maksimovic Suzana (SRB)"]
[Result "0-1"]
[WhiteElo "1969"]
[BlackElo "2295"]

1.d4 Nf6 2.c4 e6 3.Nc3 Bb4 4.Qc2 d5 5.cxd5 exd5 6.Bg5 h6 7.Bh4 c5 8.e3 cxd4
9.exd4 Nc6 10.Nf3 O-O 11.a3 Be7 12.Be2 Bg4 13.Rd1 Rc8 14.O-O Re8 15.Ne5 Bxe2
16.Qxe2 Ne4 17.Bxe7 Nxc3 18.Qf3 Qxe7 19.bxc3 Nxe5 20.dxe5 Qxe5 21.Rxd5 Qxc3
22.Rd3 Qc6 23.Qxc6 Rxc6 24.Rd7 Rb6 25.h3 Rb2 26.Rc1 g6 27.g3 Ree2 28.Rc8+ Kg7
29.Rcc7 Rxf2 30.Rxb7 Rg2+ 31.Kf1 Rxb7 32.Rxb7 Rxg3 33.Rxa7 Rxh3 {#R} 0-1

[Event "It (open)"]
[Site "masterchessopen.com Fuerth (Germany)"]
[Round "2"]
[White "Prusikin Michael (GER)"]
[Black "Nickmann Peter"]
[Result "1-0"]
[WhiteElo "2541"]
[BlackElo "1995"]

1.d4 Nf6 2.c4 e6 3.Nc3 Bb4 4.Qc2 d5 5.cxd5 exd5 6.Bg5 h6 7.Bxf6 Qxf6 8.a3
Bxc3+ 9.Qxc3 O-O 10.e3 c6 11.Nf3 Bf5 12.Be2 Nd7 13.O-O Be4 14.Rfc1 Rfe8 15.Qa5
Qd6 16.Rc3 f5 17.g3 g5 18.Rb3 Bxf3 19.Bxf3 Rab8 20.Rc1 a6 21.Rxb7 Rxb7 22.Rxc6
Qe7 23.Qxd5+ Kg7 24.Bh5 Nf8 25.Bxe8 Qxe8 26.Rxa6 Rxb2 27.Qxf5 Qb8 28.d5 Qb7
29.Rf6 Qe7 30.Rc6 Qxa3 31.Rc7+ {#r} 1-0

[Event "It (open) \"]
[Site "masterchessopen.com Gausdal (Norway)"]
[Round "9"]
[White "Lahlum Hans Olav (NOR)"]
[Black "Emms John M (ENG)"]
[Result "0-1"]
[WhiteElo "2230"]
[BlackElo "2500"]

1.d4 Nf6 2.c4 e6 3.Nc3 Bb4 4.Qc2 d5 5.cxd5 exd5 6.Bg5 c5 7.dxc5 h6 8.Bd2 O-O
9.e3 Nc6 10.Nf3 Bxc5 11.Be2 Bg4 12.Nb5 Bb6 13.Bc3 Rc8 14.Rd1 Bxf3 15.Bxf3 a6
16.Na3 Ne5 17.Qf5 Nxf3+ 18.gxf3 Ba5 19.Nb1 Qb6 20.O-O Bxc3 21.Nxc3 Qxb2
22.Nxd5 Nxd5 23.Qxd5 b5 24.Kh1 Rc2 25.a4 Rxf2 26.Rxf2 Qxf2 27.axb5 axb5 28.Qe4
b4 29.Rg1 b3 30.Rg2 Qe1+ 31.Rg1 Qc3 32.Qd4 Qxd4 33.exd4 Rb8 34.Kg2 f5 35.Kf2
Kf7 36.Ke2 b2 37.Rb1 Ke6 {#R} 0-1

[Event "Bayern Landesliga North 1996/97"]
[Site "masterchessopen.com Germany"]
[Round "0"]
[White "Nadj Christian (GER)"]
[Black "Schmidt Ulrich (GER)"]
[Result "0-1"]
[WhiteElo "2159"]
[BlackElo "2148"]

1.d4 Nf6 2.c4 e6 3.Nc3 Bb4 4.Qc2 d5 5.cxd5 exd5 6.Nf3 O-O 7.Bg5 h6 8.Bh4 c5
9.a3 Bxc3+ 10.Qxc3 g5 11.Bg3 Ne4 12.Qd3 Qa5+ 13.Nd2 Nc6 14.dxc5 Bf5 15.Rc1
Nxf2 16.Qxf5 Nxh1 17.Bd6 Rfe8 18.Qxd5 Rad8 19.e4 Rxd6 20.Qxd6 Rxe4+ 21.Kd1 Rd4
22.b4 Qa4+ {#R} 0-1

[Event "Ch Helsinki"]
[Site "masterchessopen.com Helsinki (Finland)"]
[Round "0"]
[White "Kilpi Teemu (FIN)"]
[Black "Tuovinen Jukka (FIN)"]
[Result "1-0"]
[WhiteElo "2135"]
[BlackElo "2076"]

1.d4 Nf6 2.c4 e6 3.Nc3 Bb4 4.Qc2 d5 5.cxd5 exd5 6.Bg5 h6 7.Bh4 O-O 8.e3 Be6
9.Bd3 Nbd7 10.Ne2 c5 11.a3 Ba5 12.dxc5 Nxc5 13.b4 Nxd3+ 14.Qxd3 Bc7 15.Rd1 a5
16.b5 a4 17.Qd4 Bb6 18.Bxf6 Bxd4 19.Bxd8 Bxc3+ 20.Nxc3 Rfxd8 21.Ne2 Rdc8
22.Kd2 Rc4 23.Rc1 Rac8 24.Rxc4 dxc4 25.Kc3 Rc5 26.Nd4 Bd7 27.Kb4 b6 28.Rc1 Rh5
29.h3 Rg5 30.g4 f5 31.f4 Rg6 32.Nxf5 Bxf5 33.gxf5 Rg3 34.Rc3 Rxh3 35.Kxc4 h5
36.Kd3 Rh2 37.Ke4 Rf2 38.f6 gxf6 39.Kf5 Rb2 40.Kg6 Kf8 41.Kxf6 Ke8 42.e4 Rxb5
43.Rh3 Rb3 44.Rxh5 Rxa3 45.e5 Kd7 46.e6+ Kc7 47.e7 Kd7 48.Kf7 Re3 49.Re5 {#r}
1-0

[Event "It (open)"]
[Site "masterchessopen.com Meisdorf (Germany)"]
[Round "0"]
[White "Kunze Carlo (GER)"]
[Black "Henker Dieter"]
[Result "1-0"]
[WhiteElo "2325"]
[BlackElo "2285"]

1.d4 Nf6 2.c4 e6 3.Nc3 Bb4 4.Qc2 d5 5.cxd5 exd5 6.a3 Ba5 7.Bg5 c6 8.e3 Bg4
9.Ne2 O-O 10.h3 Be6 11.Nf4 Bc7 12.Bd3 h6 13.Bxf6 Qxf6 14.Ncxd5 Bxd5 15.Nxd5
Ba5+ 16.Nc3 Qd6 17.b4 Bb6 18.Ne4 Qe7 19.Ng3 a5 20.O-O Nd7 21.Nf5 Qf6 22.b5 c5
23.Be4 Rab8 24.d5 h5 25.d6 Bd8 26.Rad1 Re8 27.Bd5 Re5 28.e4 g6 29.f4 Rxd5
30.Rxd5 gxf5 31.Rxf5 Qxd6 32.Rd1 Qe6 33.Rfd5 Bf6 34.e5 Nxe5 35.fxe5 Bxe5
36.Qxc5 Re8 37.Rd8 Rxd8 38.Rxd8+ Kh7 39.Qd5 Qb6+ 40.Kh1 Qf6 41.Qd1 Kg7 42.Rd3
b6 43.Qf3 Qg5 44.Rd1 Qg6 45.Rf1 f6 46.Qb7+ Kh6 47.Qxb6 Qg3 48.Qg1 Qxa3 49.b6
a4 {#r} 1-0

[Event "It (open)"]
[Site "masterchessopen.com Sarospatak (Hungary)"]
[Round "0"]
[White "Menyhart Tibor (HUN)"]
[Black "Szabo Mihaly (HUN)"]
[Result "1-0"]
[WhiteElo "2210"]
[BlackElo "1534"]

1.d4 Nf6 2.c4 e6 3.Nc3 Bb4 4.Qc2 d5 5.cxd5 exd5 6.Bg5 Be7 7.e3 h6 8.Bh4 c6
9.Nf3 Be6 10.Bd3 Nbd7 11.h3 Ng8 12.Bg3 Ngf6 13.a3 Nb6 14.Ne5 Nbd7 15.f4 Nxe5
16.dxe5 Nh5 17.Bf2 g6 18.g4 Ng7 19.f5 Bh4 20.fxe6 Nxe6 21.O-O-O Be7 22.Ne2 Qc7
23.Bg3 Qb6 24.Bf2 Qc7 25.Qc3 Qb6 26.Nd4 Nc5 27.Bc2 Qc7 28.e6 O-O 29.exf7+ Rxf7
30.Be1 Ne4 31.Bxe4 dxe4 32.Ne6 Qc8 33.Qe5 Bf6 34.Qxe4 Kh7 35.g5 hxg5 36.h4 g4
37.h5 Kg8 38.Qxg6+ {#r} 1-0

[Event "Ch Argentina (team)"]
[Site "masterchessopen.com Buenos Aires (Argentina)"]
[Round "7"]
[White "Hase Juan C (ARG)"]
[Black "Schuster Carlos (ARG)"]
[Result "0-1"]
[WhiteElo "2340"]
[BlackElo "2305"]

1.d4 Nf6 2.c4 e6 3.Nc3 Bb4 4.Qc2 d5 5.cxd5 exd5 6.Bg5 Qd6 7.Bxf6 Qxf6 8.e3 O-O
9.Bd3 g6 10.Nf3 c5 11.O-O Bxc3 12.Qxc3 c4 13.Be2 Nc6 14.a4 b6 15.b3 cxb3
16.Qxb3 Qd6 17.Rfc1 Na5 18.Qa2 Bb7 19.Ne5 Rac8 20.Qb2 Rxc1+ 21.Rxc1 Rc8
22.Rxc8+ Bxc8 23.Qb5 Kf8 24.Bf3 Be6 25.g3 g5 26.Kg2 Kg7 27.h3 f6 28.Nd3 Qd7
29.Qxd7+ Bxd7 30.Bd1 Nc4 31.h4 h6 32.hxg5 hxg5 33.Kf1 Kf7 34.Ke1 Ke7 35.Bb3
Kd6 36.Kd1 a5 37.Kc2 b5 38.Bxc4 dxc4 39.Nb2 Kd5 40.axb5 Bxb5 41.Kc3 g4 {#R}
0-1

[Event "It (open) \"]
[Site "masterchessopen.com Copenhagen (Denmark)"]
[Round "6"]
[White "Antonsen Mikkel (DEN)"]
[Black "Richardson John R (ENG)"]
[Result "1-0"]
[WhiteElo "2400"]
[BlackElo "2260"]

1.d4 Nf6 2.c4 e6 3.Nc3 Bb4 4.Qc2 d5 5.cxd5 exd5 6.Bg5 Nbd7 7.e3 c5 8.Bd3 c4
9.Bf5 g6 10.Bxd7+ Bxd7 11.Ne2 h6 12.Bxf6 Qxf6 13.O-O Bxc3 14.Nxc3 Be6 15.Qa4+
Kf8 16.Qb5 Rd8 17.Qxb7 Rd7 18.Qc6 Kg7 19.b4 Rb8 20.b5 Qg5 21.Kh1 h5 22.a4 h4
23.h3 Qf5 24.Rad1 Rbd8 25.Rd2 g5 26.f3 Qg6 27.Qc5 f5 28.e4 fxe4 29.fxe4 dxe4
30.Qe5+ Kh7 31.Nxe4 c3 32.Rdf2 Bc4 33.Rf8 Rxf8 34.Rxf8 Bg8 35.Nf6+ Kh6
36.Nxg8+ Kh5 37.Nf6+ Kh6 38.Ng4+ Kh7 39.Qh8# 1-0

[Event "It (open) \"]
[Site "masterchessopen.com Copenhagen (Denmark)"]
[Round "4"]
[White "Olsen Peter Erik (DEN)"]
[Black "Ward Christopher (ENG)"]
[Result "0-1"]
[WhiteElo "2240"]
[BlackElo "2485"]

1.d4 Nf6 2.c4 e6 3.Nc3 Bb4 4.Qc2 d5 5.cxd5 exd5 6.Bg5 c5 7.dxc5 h6 8.Bxf6 Qxf6
9.O-O-O Bxc3 10.Qxc3 Qxc3+ 11.bxc3 Be6 12.g3 Nd7 13.c6 bxc6 14.e3 Nc5 15.Bd3
Rb8 16.Bc2 Ne4 17.Bxe4 dxe4 18.Rd4 O-O 19.Ne2 Bxa2 20.Rhd1 c5 21.Rxe4 Rb1+
22.Kc2 Rfb8 23.Nc1 R8b2+ 24.Kd3 c4+ 25.Kd4 Rc2 26.Re8+ {#R} 0-1

[Event "Ch Germany (seniors) (team)"]
[Site "masterchessopen.com Germany"]
[Round "0"]
[White "Stimpel Franz (GER)"]
[Black "Rosen Willy (GER)"]
[Result "1-0"]
[WhiteElo "2179"]
[BlackElo "2285"]

1.d4 Nf6 2.c4 e6 3.Nc3 Bb4 4.Qc2 d5 5.cxd5 exd5 6.Bg5 h6 7.Bh4 O-O 8.a3 Be7
9.e3 Nbd7 10.Rd1 b6 11.Nf3 Bb7 12.Bd3 Re8 13.O-O c6 14.Rfe1 Ne4 15.Bxe7 Qxe7
16.Nd2 Ndf6 17.f3 Ng5 18.Nf1 c5 19.Qf2 Nh5 20.dxc5 bxc5 21.Bb1 Red8 22.Qc2 Nf6
23.Ng3 g6 24.h4 Ne6 25.h5 Qc7 26.Kf2 Nf8 27.hxg6 fxg6 28.Nce2 Rd7 29.Nf4 d4
30.Nxg6 Nxg6 31.Qxg6+ Rg7 32.Ba2+ c4 33.Bxc4+ Qxc4 34.Qxf6 dxe3+ 35.Rxe3 Qc2+
36.Re2 Qxd1 37.Qe6+ Kh7 38.Nf5 Rf8 39.Qxh6+ {#r} 1-0

[Event "It (cat.7)"]
[Site "masterchessopen.com London (England)"]
[Round "8"]
[White "Richardson John R (ENG)"]
[Black "Lalic Susan (ENG)"]
[Result "0-1"]
[WhiteElo "2260"]
[BlackElo "2375"]

1.d4 Nf6 2.c4 e6 3.Nc3 Bb4 4.Qc2 d5 5.cxd5 exd5 6.Bg5 c5 7.dxc5 h6 8.Bh4 g5
9.Bg3 Ne4 10.e3 Qa5 11.Ne2 Bf5 12.Be5 O-O 13.Nd4 Nxc3 14.Nxf5 Ne4+ 15.Kd1 Nc6
16.Bd6 Be1 17.Nxh6+ Kh7 18.Bd3 Kxh6 19.Bxe4 dxe4 20.Rxe1 Rfd8 21.Qxe4 Qxc5
22.Ke2 Rxd6 23.Kf1 Rad8 24.h4 gxh4 25.Qxh4+ Qh5 26.Qxh5+ Kxh5 27.Rac1 Rd2
28.Rc5+ Kg6 29.Re2 Kf6 30.f4 Rd1+ 31.Kf2 Nb4 32.Rb5 Nd3+ 33.Kg3 Rg8+ 34.Kh2 b6
35.Rc2 Nc5 36.b4 Ne4 37.Rc6+ Ke7 38.Rh5 Rd2 {#R} 0-1

[Event "It (cat.7)"]
[Site "masterchessopen.com London (England)"]
[Round "6"]
[White "Tozer Richard (ENG)"]
[Black "Lalic Susan (ENG)"]
[Result "0-1"]
[WhiteElo "2340"]
[BlackElo "2375"]

1.d4 Nf6 2.c4 e6 3.Nc3 Bb4 4.Qc2 d5 5.cxd5 exd5 6.Bg5 c5 7.dxc5 h6 8.Bh4 g5
9.Bg3 Ne4 10.e3 Qa5 11.Rc1 Nc6 12.Bd3 Nxg3 13.hxg3 d4 14.exd4 Nxd4 15.Qd2 Be6
16.a3 Bxc5 17.b4 Qxa3 18.bxc5 O-O-O 19.Nb1 Qa4 20.Qc3 Rhe8 21.Ne2 Nxe2 22.Bxe2
Bc4 23.O-O Bxe2 24.Rfe1 Bb5 25.Rxe8 Bxe8 26.Na3 Qd4 27.Qe1 Kb8 28.Qe7 Bc6
29.Nc4 Re8 30.Qxf7 Qxc5 31.Rb1 Rf8 32.Qg7 Qxf2+ 33.Kh2 Qxg2# 0-1

[Event "Ch NRW"]
[Site "masterchessopen.com Niederrhein (Germany)"]
[Round "0"]
[White "Wolkowski Boris"]
[Black "Schmoll KH"]
[Result "0-1"]
[WhiteElo "2050"]
[BlackElo "2095"]

1.d4 Nf6 2.c4 e6 3.Nc3 Bb4 4.Qc2 d5 5.cxd5 exd5 6.Bg5 h6 7.Bxf6 Qxf6 8.a3
Bxc3+ 9.Qxc3 c6 10.e3 O-O 11.Nf3 Nd7 12.Bd3 c5 13.O-O b6 14.Rac1 c4 15.Bb1 b5
16.Qc2 g6 17.e4 dxe4 18.Qxe4 Nb6 19.Qe3 Kg7 20.Be4 Rb8 21.Rfd1 Bf5 22.Bxf5
Qxf5 23.d5 Rbd8 24.d6 Rfe8 25.Nd4 Qf6 26.Qg3 a6 27.h3 Rd7 28.Rc3 Qe5 29.Qxe5+
Rxe5 30.Nc6 Re6 31.Nb8 Rexd6 32.Rxd6 Rxd6 33.Nxa6 Na4 {#R} 0-1

[Event "Ch Norway"]
[Site "masterchessopen.com Stavanger (Norway)"]
[Round "3"]
[White "Ostenstad Berge (NOR)"]
[Black "Ludvigsen Frode (NOR)"]
[Result "1-0"]
[WhiteElo "2465"]
[BlackElo "2140"]

1.d4 Nf6 2.c4 e6 3.Nc3 Bb4 4.Qc2 d5 5.cxd5 exd5 6.Bg5 c6 7.e3 Nbd7 8.Bd3 Nf8
9.Ne2 Ne6 10.Bh4 g6 11.O-O Ng7 12.Bxf6 Qxf6 13.Nxd5 cxd5 14.Qa4+ Bd7 15.Qxb4
Bc6 16.Bb5 Bxb5 17.Qxb5+ Qc6 18.Qb4 Ne6 19.Rfc1 Qd7 20.Nc3 a6 21.Na4 Qe7
22.Qxe7+ Kxe7 23.Nb6 Rad8 24.Rc3 f5 25.Rac1 Kf6 26.Kf1 f4 27.Ke2 Rhe8 28.Kd3
Re7 29.b4 Rf7 30.a4 Ke7 31.Rc8 fxe3 32.fxe3 Rxc8 33.Nxc8+ Kd7 34.Nb6+ Kd6
35.Ke2 Ng5 36.Nxd5 {#r} 1-0

[Event "It (open)"]
[Site "masterchessopen.com Tanta (Egypt)"]
[Round "2"]
[White "Amin Ashraf (EGY)"]
[Black "Rahman Yehya (EGY)"]
[Result "0-1"]
[WhiteElo "2240"]
[BlackElo "2280"]

1.d4 Nf6 2.c4 e6 3.Nc3 Bb4 4.Qc2 d5 5.cxd5 exd5 6.Bg5 c6 7.e3 h6 8.Bh4 Be6
9.Nf3 Nbd7 10.Bd3 Be7 11.O-O O-O 12.a3 a5 13.Rab1 Re8 14.Bxf6 Bxf6 15.Na4 Bg4
16.Nd2 Nf8 17.Rfc1 Be7 18.b4 axb4 19.axb4 b5 20.Nc5 Ra7 21.Ra1 Rxa1 22.Rxa1
Bd6 23.Nf1 Bc8 24.Ng3 g6 25.Qc3 h5 26.Nf1 h4 27.Rc1 Qf6 28.Be2 Ne6 29.Nxe6
Bxe6 30.Ra1 Bd7 31.h3 Qe7 32.Rb1 Ra8 33.Bd1 Qg5 34.Kh1 Ra2 35.Nd2 Qf5 36.Bg4
Qxf2 37.Bxd7 Rxd2 38.Rg1 Qg3 {#R} 0-1

[Event "It (open)"]
[Site "masterchessopen.com St. Ingbert (Germany)"]
[Round "1"]
[White "Duebon Pierre (GER)"]
[Black "Galdunts Sergey (ARM)"]
[Result "0-1"]
[WhiteElo "2140"]
[BlackElo "2435"]

1.d4 Nf6 2.c4 e6 3.Nc3 Bb4 4.Qc2 d5 5.cxd5 exd5 6.Bg5 Nbd7 7.Nf3 h6 8.Bh4 c5
9.a3 Bxc3+ 10.Qxc3 g5 11.Bg3 Ne4 12.Qc2 f5 13.e3 Qa5+ 14.Nd2 Qxd2+ 15.Qxd2
Nxd2 16.Kxd2 cxd4 17.Bd6 dxe3+ 18.Kxe3 Kf7 19.Bd3 Re8+ 20.Kd4 Re6 21.Bb4 Ne5
22.Bxf5 Nc6+ 23.Kd3 Rf6 24.Bxc8 Rxc8 25.f3 Ne5+ 26.Kd4 Ke6 27.Rhe1 Rf4+ 28.Ke3
Rc2 29.Re2 Nc4+ 30.Kd3+ Rxe2 31.Kxe2 Nxb2 32.Re1 Nc4 33.Kf2+ Ne5 34.Bd2 Rc4
35.g3 Kd6 36.Re2 Nc6 37.f4 g4 38.Re8 Rc2 39.Ke3 Ra2 40.f5 Rxa3+ 41.Kf4 Ra4+
42.Ke3 Kd7 43.Rh8 Re4+ 44.Kd3 Re5 45.Kc3 d4+ 46.Kc2 Re2 {#R} 0-1

[Event "Ch Ukraine (w)"]
[Site "masterchessopen.com Alushta (Ukraine)"]
[Round "0"]
[White "Cherednichenko Elena (UKR)"]
[Black "Maiko Julia (UKR)"]
[Result "0-1"]
[WhiteElo "2115"]
[BlackElo "2202"]

1.d4 e6 2.c4 Nf6 3.Nc3 Bb4 4.Qc2 d5 5.cxd5 exd5 6.a3 Bxc3+ 7.bxc3 O-O 8.Bg5 h6
9.Bh4 c5 10.dxc5 Na6 11.Nf3 Nxc5 12.e3 Nce4 13.Nd4 g5 14.Bg3 Qa5 15.Ne2 Bf5
16.Qb3 Rac8 17.Qb4 Qd8 18.Rc1 Rc4 19.Qb2 Bg6 20.Be5 Ng4 21.Bg3 Re8 22.h3 Ngf6
23.Bh2 Qa5 24.Bg3 Nc5 25.Nd4 Rxd4 26.Qb5 Qxa3 27.Rb1 Qxc3+ 28.Ke2 Bh5+ 29.f3
Qxe3# 0-1

[Event "Memorial Elekes (b)"]
[Site "masterchessopen.com Budapest (Hungary)"]
[Round "0"]
[White "Zimmerman Yuri (ISR)"]
[Black "Petran Pal (HUN)"]
[Result "1-0"]
[WhiteElo "2340"]
[BlackElo "2395"]

1.d4 Nf6 2.c4 e6 3.Nc3 Bb4 4.Qc2 d5 5.cxd5 exd5 6.Bg5 h6 7.Bh4 c5 8.dxc5 Nc6
9.e3 g5 10.Bg3 Ne4 11.Bd3 Bxc3+ 12.bxc3 Nxg3 13.hxg3 Qe7 14.Ne2 Qxc5 15.Rb1 b6
16.Nd4 Nxd4 17.cxd4 Qxc2 18.Bxc2 Ke7 19.Kd2 Be6 20.Rh5 Kf6 21.Rbh1 Kg7 22.f3
f6 23.g4 Rac8 24.Bd3 Rc7 25.Rb1 Rhc8 26.Rhh1 Rc3 27.Rb3 R3c6 28.a4 Bf7 29.a5
bxa5 30.Ra1 Rb6 31.Rc3 Rxc3 32.Kxc3 Rc6+ 33.Kd2 Rb6 34.Rxa5 Rb2+ 35.Bc2 Rb7
36.Kc3 Rc7+ 37.Rc5 Re7 38.Kd2 Rb7 39.Kc3 Re7 40.e4 dxe4 41.Bxe4 h5 42.gxh5
Bxh5 43.d5 Be8 44.Kd4 Rb7 45.d6 Rb2 46.Rc7+ Kf8 47.Rc8 {#r} 1-0

[Event "Ch France (team) 1997/98"]
[Site "masterchessopen.com France"]
[Round "0"]
[White "Touzane Olivier (FRA)"]
[Black "Sellos Didier (FRA)"]
[Result "0-1"]
[WhiteElo "2375"]
[BlackElo "2395"]

1.d4 Nf6 2.c4 e6 3.Nc3 Bb4 4.Qc2 d5 5.cxd5 exd5 6.Bg5 c6 7.e3 Nbd7 8.Bd3 Qa5
9.Ne2 O-O 10.O-O Re8 11.a3 Bd6 12.b4 Qc7 13.h3 a6 14.f3 h6 15.Bxf6 Nxf6 16.e4
Qb6 17.Kh1 Bb8 18.e5 Nd7 19.f4 Qd8 20.Ng3 Nf8 21.Nce2 Ba7 22.Rf3 Bb6 23.Raf1
a5 24.f5 Qg5 25.Rf4 h5 26.h4 Qh6 27.Ng1 axb4 28.axb4 Ra1 29.Nh3 Rxf1+ 30.Bxf1
Bd7 31.Be2 g6 32.Ng5 Bd8 33.fxg6 fxg6 34.Qc1 Ne6 35.Nxe6 Rxe6 36.Nxh5 Bxh4
37.Kg1 Bg5 38.Nf6+ Kh8 39.Ne8 Bxf4 40.Qc5 Be3+ {#R} 0-1

[Event "Cup Tenkes (open)"]
[Site "masterchessopen.com Harkany (Hungary)"]
[Round "0"]
[White "Zimmerman Yuri (ISR)"]
[Black "Haas Johann (AUT)"]
[Result "1-0"]
[WhiteElo "2340"]
[BlackElo "2045"]

1.d4 Nf6 2.c4 e6 3.Nc3 Bb4 4.Qc2 d5 5.cxd5 exd5 6.Bg5 c6 7.e3 Be6 8.Bd3 Nbd7
9.Ne2 h6 10.Bh4 Qc7 11.O-O-O g5 12.Bg3 Bd6 13.Kb1 O-O-O 14.Nb5 cxb5 15.Bxd6
{#r} 1-0